000 00372nam a2200145Ia 4500
008 230917s9999||||xx |||||||||||||| ||und||
040 _e40974
_aMAIN
041 _aEnglish
082 _a658.406 B791O
100 _aBrooks, Edmund
245 0 _aOrganizational change: the managerial dilemma
260 _aLondon
_bMacmillan
_c1980
300 _axiv, 251 p.
942 _cBK
999 _c217095
_d217095